| 000 | 01439nam a2200385 a 4500 | ||
|---|---|---|---|
| 999 |
_c154603 _d154603 |
||
| 003 | BLK | ||
| 005 | 20250711102656.0 | ||
| 008 | 180410b bul|||||r ||||||| ||bul|| | ||
| 010 | _aKNG00161242000 | ||
| 020 | _a978-954-655-488-8 | ||
| 040 | _aBLK | ||
| 041 |
_aBUL _cBUL |
||
| 072 | 7 |
_2bullib _aН83 _xЧужда художествена литература Н |
|
| 080 |
_aАнглийска литература _b821.111 _x-31 _z821.111-31 |
||
| 100 | 1 |
_aБагшоу, Тили _eпърви автор _935160 |
|
| 139 |
_aБагшоу, Тили _bБ 13 |
||
| 245 | 1 | 0 |
_aПриливът на тайните _bРоман _cпо Сидни Шелдън; Тили Багшоу; прев. Анета Макариева-Лесева. |
| 257 | _aGBR | ||
| 260 |
_bБард _c2014 _fХасково : Полиграфюг |
||
| 300 |
_a448 с. _c20 см |
||
| 380 | _aX | ||
| 500 | _aОриг. загл. Sidney Sheldon's The Tides of Memory / Tilly Bagshawe. | ||
| 653 | _aромани | ||
| 659 | _aН | ||
| 700 |
_aШелдън, Сидни _eпо _9243637 |
||
| 700 | 1 |
_aМакариева-Лесева, Анета Божидарова _eпрев. _991026 |
|
| 852 | _aЦб 269024 | ||
| 856 | 4 | _qpdf | |
| 856 | 4 | _qpdf | |
| 942 |
_cKNG _n0 _0134 |
||
| 944 |
_aCR _c26.05.2014 _lМартин Енчев _k30575 |
||
| 944 |
_aED _c05.10.2015 _lф / _kВиолета_Тройчева |
||
| 999 | _d154603 | ||
| 999 | _d154603 | ||